| 000 | 00552nam a22001937a 4500 | ||
|---|---|---|---|
| 003 | OSt | ||
| 005 | 20140310181751.0 | ||
| 008 | 130627t xxu||||| |||| 00| 0 eng d | ||
| 020 | _a9710624520 | ||
| 050 |
_aQ 161 _b.M539 2003 |
||
| 082 |
_aFIL 500 _bM52 2003 |
||
| 100 | _aMendoza, Estrella E. | ||
| 245 |
_aIntegrated science / _cEstrella E. Mendoza, Maria B. Reyes, Maria Donna B. Ines. |
||
| 260 |
_aQuezon City : _bPhoenix Publishing House, _c2003. |
||
| 300 |
_ax, 297 p. ; _c26 cm. |
||
| 942 |
_2lcc _cBK |
||
| 999 |
_c3223 _d3223 |
||